J'ai tout oublié - Marc Lavoine : Paroles - Statistiques

Statistiques générales
  • Ce quiz a été pris 17 fois
  • Le résultat moyen est 199 sur 235
Statistiques - réponses
Paroles % Correct
À
100%
à
100%
de
100%
deux
100%
d'ici
100%
fait
100%
j'ai
100%
je
100%
la
100%
l'amour
100%
le
100%
ma
100%
ne
100%
ou
100%
oublié
100%
pas
100%
plus
100%
quand
100%
sens
100%
tout
100%
tu
100%
comment
93%
et
93%
j'avais
93%
les
93%
m'as
93%
me
93%
on
93%
perdu
93%
sais
93%
si
93%
su
93%
beaux
87%
ce
87%
des
87%
dit
87%
jours
87%
l'ai
87%
l'humour
87%
moi
87%
que
87%
sur
87%
bonjour
80%
faire
80%
mes
80%
peu
80%
qui
80%
dit-on
73%
fait-on
73%
mon
73%
oubliée
73%
parfum
73%
peut
73%
suis
73%
toi
73%
vie
73%
bien
67%
dans
67%
est-ce
67%
fais
67%
peur
67%
peut-être
67%
rien
67%
ailleurs
60%
j'étais
60%
n'en
60%
ni
60%
photo
60%
sûre
60%
un
60%
velours
60%
doux
53%
mots
53%
nom
53%
n'suis
53%
papiers
53%
cheveux
47%
coupé
47%
essayé
47%
importe
47%
monde
47%
murs
47%
n'reconnais
47%
parfois
47%
rasé
47%
revenir
47%
sans
47%
idées
40%
j'habite
40%
m'appeler
40%
m'appelle
40%
m'suis
40%
n'écris
40%
vis
40%
égaré
33%
n'existe
33%
untel
33%
d'ordre
27%
mettre
27%
rafraîchir
27%
Aucun quiz correspondant
Distribution des résultats
% des personnes avec chaque résultat
Percentile par nombre de réponses
Votre historique - résultats
Vous n’avez pas pris ce quiz